Organisational behaviour / (Record no. 38965)

MARC details
000 -LEADER
fixed length control field 00982nam a22002777a 4500
008 - FIXED-LENGTH DATA ELEMENTS--GENERAL INFORMATION
fixed length control field 081212t xxu||||| |||| 00| 0beng d
010 ## - LCCN (DPL NO)
LC control number ENG-97901
020 ## - INTERNATIONAL STANDARD BOOK NUMBER
Terms of availability 425.00
International Standard Book Number 9788184889390
035 ## - SYSTEM CONTROL NUMBER
System control number EN-81434
037 ## - SOURCE OF ACQUISITION
Source of stock number/acquisition DBAD / PUB
040 ## - CATALOGING SOURCE
Original cataloging agency dpl
Language of cataloging English
082 ## - DEWEY DECIMAL CLASSIFICATION NUMBER
Classification number 658.1
100 ## - MAIN ENTRY--PERSONAL NAME
Personal name Aswathappa, K.
9 (RLIN) 3724
245 ## - TITLE STATEMENT
Title Organisational behaviour /
Statement of responsibility, etc by K. Aswathappa
250 ## - EDITION STATEMENT
Edition statement 9th ed.
260 ## - PUBLICATION, DISTRIBUTION, ETC. (IMPRINT)
Place of publication, distribution, etc Mumbai
Name of publisher, distributor, etc Himalaya Publishing House
Date of publication, distribution, etc 2010
270 ## - ADDRESS
Address "Ramdiit", Dr. Bhale Marg, Girgaon,rao
City Mumbai
Postal code 400004
300 ## - PHYSICAL DESCRIPTION
Extent 706p.
Dimensions 28cm (pbk)
500 ## - GENERAL NOTE
General note Includes Bibliographicals references and index
600 ## - SUBJECT ADDED ENTRY--PERSONAL NAME
Personal name Baba Visakha Singh
General subdivision Biography.
9 (RLIN) 3725
650 ## - SUBJECT ADDED ENTRY--TOPICAL TERM
Topical term or geographic name as entry element Organisational behavior
9 (RLIN) 5078
650 ## - SUBJECT ADDED ENTRY--TOPICAL TERM
Topical term or geographic name as entry element Management
9 (RLIN) 5127
700 ## - ADDED ENTRY--PERSONAL NAME
9 (RLIN) 4917
942 ## - ADDED ENTRY ELEMENTS (KOHA)
Source of classification or shelving scheme Dewey Decimal Classification
Item type English Books
Call number suffix ASW
Classification part 658.1
Holdings
Withdrawn status Lost status Source of classification or shelving scheme Damaged status Not for loan Collection code Home library Current library Date acquired Source of acquisition Cost, normal purchase price Total Checkouts Full call number Barcode Date last seen Copy number Cost, replacement price Koha item type
    Dewey Decimal Classification   Not For Loan Non-fiction D.B.Act.Division D.B.Act.Division 03/08/2010 DBAD/PUB 425.00   658.1 ASW EN-81434 03/08/2010 1 425.00 English Books

© Delhi Public Library
Hit Counter
free hit counter